| 000 | 00683cam a2200205 i 4500 | ||
|---|---|---|---|
| 005 | 20251202104252.0 | ||
| 008 | 250721s2003 ua gr 000 0 ara d | ||
| 082 | 1 | 4 |
_a213.63 _bقلم |
| 100 | 1 |
_aالقلموني، أبو ذر. _eمولف. |
|
| 245 | 1 | 2 |
_aالطيبات من الرزق / _cجمع وترتيب ابي ذريالقلموني. |
| 250 | _aالطبعه الاولى. | ||
| 264 | 3 | 1 |
_aالقاهرة : _bدار الفجر للتراث، _c2003. |
| 300 | _a198 صفحة. | ||
| 650 | 1 | 7 | _aالأحاديث. |
| 650 | 1 | 7 | _aالأحكام الشرعية. |
| 650 | 1 | 7 | _aالفضائل. |
| 650 | 1 | 7 | _aالطعام. |
| 942 |
_2ddc _cBK |
||
| 999 |
_c89474 _d89474 |
||